000 01756nam a22001577a 4500
999 _c524127
_d524127
008 231030b ||||| |||| 00| 0 eng d
100 _aQazi, Mudasir Ahmad and Parray,Fayaz Ahmad
_946195
245 _aGood governance: A new tool of sustainable peace in Jammu and Kashmir
260 _aBihar Journal of Public Administration
300 _a20(1), Jan-Jun, 2023: p.130-136
520 _aGood Governance is one of the most important factor in eradicating poverty, sustaining peace, and promoting development across the world through a more transparent, responsive, and accountable dispensation in place. It is a mechanism relates to the political and institutional processes and outcomes that are necessary to achieve the goals of development. It is the perfect instrument to establish peace and prosperity to the people. The present paper attempts to underline new features of good governance based on secondary data. It is found that by abrogating Art 370, the Government of India intended to ensure good governance in valley and resorted to several innovative governance measures in the Union Territory of Jammu & Kashmir that has shown much promise in achieving the goal of development, peace and prosperity. It attempted to introduce participative governance model giving ample space for people’s participation like Back to village, Jan Sunwai, LG Mulakat, Mission Karmyogi, digital initiatives like, satark Nagrik App etc. – Reproduced http://www.iipabiharbranch.org/upload/Journal%20Volume%20XX.pdf
650 _aGood governance, Sustainable peace, Article 370, Corruption, People’s participation, J & K.
_941350
773 _aBihar Journal of Public Administration
906 _aPOLITICS AND GOVERNMENT - KASHMIR
942 _cAR